| 000 | 00582nam a2200217Ia 4500 | ||
|---|---|---|---|
| 003 | OSt | ||
| 005 | 20220918201223.0 | ||
| 006 | a|||||r|||| 00| 0 | ||
| 007 | ta | ||
| 008 | 220917b |||||||| |||| 00| 0 eng d | ||
| 024 | _a92,461 | ||
| 037 | _cTextual | ||
| 040 |
_aARTS _cARTS _beng |
||
| 041 |
_2eng _aeng |
||
| 082 | _aV:(R), K11 (EV) | ||
| 245 | 0 |
_aHistory and theory _b studies in the philosophy of history |
|
| 260 |
_aNetherland _bMounton And company _c1961 |
||
| 650 | _aHISTORY | ||
| 942 |
_hV:(R), K11 (EV) _cTEXL _2CC |
||
| 999 |
_c216114 _d216114 |
||